Welcome to WEB OPAC of MRSPTU Central Library

Analog and digital communication system (Record no. 4305)

MARC details
000 -LEADER
fixed length control field 00382nam a2200145Ia 4500
008 - FIXED-LENGTH DATA ELEMENTS--GENERAL INFORMATION
fixed length control field 230711s9999||||xx |||||||||||||| ||und||
041 ## - LANGUAGE CODE
Language code of text/sound track or separate title ENG
082 ## - DEWEY DECIMAL CLASSIFICATION NUMBER
Classification number 4
Item number RO-A
100 ## - MAIN ENTRY--PERSONAL NAME
Personal name Roden,Martin S
245 #0 - TITLE STATEMENT
Title Analog and digital communication system
250 ## - EDITION STATEMENT
Edition statement 3rd Ed.
260 ## - PUBLICATION, DISTRIBUTION, ETC.
Date of publication, distribution, etc. 2001
Place of publication, distribution, etc. New Delhi
Name of publisher, distributor, etc. PHI Learning Private Limited
650 ## - SUBJECT ADDED ENTRY--TOPICAL TERM
Topical term or geographic name entry element Electronics Engineering
942 ## - ADDED ENTRY ELEMENTS (KOHA)
Koha item type Book
Holdings
Withdrawn status Lost status Damaged status Not for loan Collection Home library Current library Date acquired Total checkouts Full call number Barcode Date last seen Price effective from Koha item type Date last checked out
          MRSPTU Central Library MRSPTU Central Library     4 RO-A 14782 08/17/2023 08/17/2023 Book  
          MRSPTU Central Library MRSPTU Central Library   1 4 RO-A 14783 08/27/2024 08/17/2023 Book 03/06/2024
          MRSPTU Central Library MRSPTU Central Library     4 RO-A 14784 08/17/2023 08/17/2023 Book  
          MRSPTU Central Library MRSPTU Central Library     4 RO-A 14785 08/17/2023 08/17/2023 Book  
          MRSPTU Central Library MRSPTU Central Library     4 RO-A 14786 08/17/2023 08/17/2023 Book  

Website Designed and Developed by MRSPTU Central Library Team

E-mail Id: librarian@mrsptu.ac.in